| 000 | 00868 a2200289 4500 | ||
|---|---|---|---|
| 999 |
_c200129642 _d31442 |
||
| 001 | 200129642 | ||
| 003 | TR-AnTOB | ||
| 005 | 20231204144536.0 | ||
| 008 | 130605s 201 tu 000 0 | ||
| 020 | _a9789944391313 | ||
| 040 |
_aSULEY _cSULEY _dTR-AnTOB |
||
| 041 | _atur | ||
| 049 | _aMAIN | ||
| 050 | 0 | 0 |
_aBP253.Z8 _bR57 2012 |
| 090 | _aBP253.Z8 R57 2012 | ||
| 245 | 0 | 0 |
_aRisale-i nur külliyatı müellifi Bediüzzaman Said Nursi : _bhayatı-mesleki tercüme-i hali. |
| 246 | 1 | 0 | _aBediüzzaman Said Nursi. |
| 264 | 1 |
_aİstanbul: _bRNK Neşriyat, _c2012. |
|
| 300 |
_a723 p.; _c25 cm. |
||
| 600 | 1 | 0 |
_aNursi, Said, _d1873-1960 _990128 |
| 650 | 7 |
_aNurculuk _xDoktrinler _2etuturkob _990126 |
|
| 650 | 0 |
_aNurculuk _xDoctrines _990127 |
|
| 650 | 0 |
_aIslam _zTurkey _xHistory _922175 |
|
| 650 | 7 |
_aİslam _zTürkiye _xTarih _2etuturkob _96952 |
|
| 942 |
_cBK _2lcc |
||